| 000 | 00375pab a2200145 454500 | ||
|---|---|---|---|
| 008 | 180718b2003 xxu||||| |||| 00| 0 eng d | ||
| 100 | _aNachane, D.M. | ||
| 245 | _aCausal inference and scientific explanation in economics | ||
| 260 | _c2003 | ||
| 300 | _ap.3791-799. | ||
| 362 | _a6 Sep | ||
| 650 | _aEconomics | ||
| 773 | _aEconomic and Political Weekly | ||
| 909 | _a58134 | ||
| 999 |
_c58134 _d58134 |
||